| 000 | 00959cam a22002894a 4500 | ||
|---|---|---|---|
| 001 | 1212493 | ||
| 003 | GBCCL | ||
| 005 | 20241126110412.0 | ||
| 008 | 990426s1999 cau 000 0 eng | ||
| 010 | _a 99015625 | ||
| 020 | _a0830723412 | ||
| 035 | _a(DLC) 99015625 | ||
| 040 |
_aDLC _cDLC _dDLC |
||
| 042 | _apcc | ||
| 050 | 0 | 0 |
_aBT846.2 _b.B78 1999 |
| 082 | 0 | 0 |
_a236.24 _221 _bBRO |
| 100 | 1 |
_aBrown, Daniel Alan, _d1953- _93954 |
|
| 245 | 1 | 0 |
_aWhat the Bible reveals about Heaven / _cDaniel A. Brown. |
| 246 | 1 | 8 | _aHeaven |
| 260 |
_aVentura, Calif. : _bRegal, _cc1999. |
||
| 300 |
_a239 p. ; _c22 cm. |
||
| 650 | 0 |
_aHeaven _xChristianity. _92070 |
|
| 906 |
_a7 _bcbc _corignew _d1 _eocip _f19 _gy-gencatlg |
||
| 942 |
_2ddc _cBK _07 |
||
| 999 |
_c1897 _d1897 |
||